All Countries in Africa in 1936! - Statistics

General Stats
  • This quiz has been taken 291 times
  • The average score is 8 of 9
Answer Stats
Number Country % Correct
8 Ethiopia
94%
7 Liberia
91%
2 France
89%
1 United Kingdom
88%
5 Spain
86%
3 Italy
85%
6 Portugal
85%
9 South Africa
83%
4 Belgium
79%
No matching quizzes found
Score Distribution
Percent of People with Each Score
Percentile by Number Answered
Your Score History
You have not taken this quiz